LEADER 00835cam0 2200253 450 001 E600200015814 005 20210713064307.0 100 $a20060126d1955 |||||ita|0103 ba 101 $aita 102 $aIT 200 1 $aDi secolo in secolo$eBrani di autori italiani da tradursi in inglese$fAdele Biagi, Thomas Frank 210 $aNapoli$cLiguori$d1955 215 $a198 p.$d21 cm 700 1$aBiagi$b, Adele$3A600200034482$4070$0198045 702 1$aFrank, Thomas$3AF00013654$4070 801 0$aIT$bUNISOB$c20210713$gRICA 850 $aUNISOB 852 $aUNISOB$j820$m5026 912 $aE600200015814 940 $aM 102 Monografia moderna SBN 941 $aM 957 $a820$b000038$gSi$d5026$rAcquisto$1cutolo$2UNISOB$3UNISOB$420060126110231.0$520150415101736.0$6Alfano 996 $aDi secolo in secolo$9566627 997 $aUNISOB LEADER 01033nas 2200385 c 450 001 9910894016203321 005 20260127110457.0 011 $a2248-3756 035 $a(CKB)2670000000281415 035 $a(OCoLC)874205529 035 $a(DE-101)1027680828 035 $a(DE-599)ZDB2690376-3 035 $a(DE-599)2690376-3 035 $a(EXLCZ)992670000000281415 100 $a20121112a20109999 |y | 101 0 $arum 135 $aur||||||||||| 181 $ctxt$2rdacontent 182 $cc$2rdamedia 183 $acr$2rdacarrier 200 00$aConcept$erevista? editata? de Centrul de Cercetare al Faculta?t?ii de Teatru 210 31$aBucures?ti$cUNATC$aFrankfurt, M.$cCEEOL$d2010- 215 $aOnline-Ressource 300 $aGesehen am 04.07.13 311 08$a2068-4444 608 $aZeitschrift$2gnd-content 676 $a700 676 $a792 801 0$b0012 801 1$bDE-101 801 2$b9999 906 $aJOURNAL 912 $a9910894016203321 996 $aConcept$91920208 997 $aUNINA